000 00632nam a22002057a 4500
999 _c14577
_d14577
003 AR-CdUCM
008 190423b ||||| |||| 00| 0 spa d
020 _a978-607-404-431-7
040 _aMUNICIPALIDAD PROVINCIAL DEL CUSCO
_cBIBLIOTECA MUNICIPAL DEL CUSCO
082 _aPI / 808.06 /
_bD66
110 _aDisney
_933330
245 _aAventuras de disney junior :
_bLa batuta de Leo /
260 _aMéxico :
_bAdvanced marketing,
_c2015.
300 _a151 páginas ;
_c23 cm.
_bIlustrado
650 _aCuentos
_9217
650 _aDisney
_933407
650 _aAventuras
_927395
942 _2ddc
_cLIBROS
945 _arah
_d23/04/2019